000 00570nam a22001817a 4500
003 UA-OsUOA
001 15487
007 ta
008 20031112b un ||||| |||| 00| 0 ukr d
100 _aАндрощук Б.
942 _cSA
040 _aUA-OsUOA
_cUA-OsUOA
_dUA-OsUOA
245 _aМолодим- турбота та підтримку : [Про роботу Рівнен міськ. центру зайнятості ]
300 _aС.1
955 _a0
773 0 _w0
_tЗа відродження
_dРівне
_d2003
_g№33
650 7 _aЗайнятість
_2UDC
999 _c301652
_d301652